Dennis Bergkamp Quiz - Statistics

General Stats
  • This quiz has been taken 6 times
  • The average score is 11 of 20
Answer Stats
Hint Answer % Correct
How many league titles did Bergkamp win with Arsenal 3
100%
Which club did Dennis Bergkamp begin his professional career with Ajax
100%
What is Dennis Bergkamp famously afraid of Flying
100%
Which Italian club did Bergkamp join after leaving Ajax in 1993 Inter Milan
100%
Who was Arsenal’s captain when Bergkamp first joined the club Tony Adams
100%
Which Arsenal goalkeeper did Bergkamp play most matches alongside David Seaman
83%
How many goals did Dennis Bergkamp score for the Netherlands 37
67%
How many Premier League Player of the Month awards did he win 4
67%
Which manager signed Bergkamp for Arsenal Bruce Rioch
67%
How many Premier League goals did Bergkamp score for Arsenal 87
50%
How many assists did Bergkamp record in the Premier League 94
50%
Who assisted Bergkamp’s iconic 1998 World Cup goal against Argentina Frank de Boer
50%
Against which club did Bergkamp score his first goal for Arsenal Southampton
50%
Which goalkeeper did he beat for that 1998 goal Carlos Roa
33%
Which former Ajax teammate also joined him at Inter Milan Wim Jonk
33%
What subject did Bergkamp study at school before turning fully professional Mechanical engineering
17%
What brand of boots was Dennis Bergkamp known to wear in his prime Nike Tiempo
17%
Which club did Dennis Bergkamp score his first professional hat-trick against RKC Waalwijk
17%
Against which team did Bergkamp score on his Eredivisie debut Roda JC
17%
Who was Bergkamp’s most frequent assist partner at Ajax Stefan Pettersson
17%
No matching quizzes found
Score Distribution
Percent of People with Each Score
Percentile by Number Answered
Your Score History
You have not taken this quiz